000 00350nam a2200169Ia 4500
100 _aBritton/C/ Rorabaugh
650 _aDSP
942 _cBK
366 _f20
654 _aDSP
245 _aDSP Primer
260 _bTata Mc Graw hill Ltd.
_aNew Delhi
_c1999
082 _a621.3822/BRI
_bBRI
300 _a518
546 _aENGLISH
999 _c18321
_d18321